| 000 | 00887 a2200193 4500 | ||
|---|---|---|---|
| 003 | Nust | ||
| 005 | 20221228131114.0 | ||
| 040 | _cNust | ||
| 082 | _a297.72, HAM | ||
| 100 |
_aHamidullah, Muhammad, _96037 |
||
| 245 |
_aThe battlefields of the Prophet Muhammad _bSalla'llahu alaihi wa sallam _cMuhammad Hamidullah, |
||
| 250 | _aNew Revised Edition | ||
| 260 |
_aHuzaifah Publications _bKarachi Pakistan _c1979 |
||
| 300 |
_a66 p _billus _cdigars _e24 cm |
||
| 505 | _aPreliminary Remarks (Page-5), Badr (Page-13), Uhud (Page-22), Battle Of Ditch (Page-29), Conquestof Mecca (Page-37), Battles Of Hunain And Taif (Page-42), Wars With The Jews (Page-47), Military Intelligence In The Time Of Prophet Muhammad (Page-53), Military Department Of The Muslim State In The Time Of Prophet (Page-58). | ||
| 600 |
_aHamidullah, Muhammad, _96037 |
||
| 650 |
_aHoly War _9106205 |
||
| 942 |
_2ddc _cBK |
||
| 999 |
_c188505 _d188505 |
||